[Event "Ita op 1st"]
[Site "Ita"]
[Date "2022.02.13"]
[Round "5"]
[White "Ruiz Diaz, Jorge"]
[Black "Rejala Gomez, Ruben Ignacio"]
[Result "1-0"]
[WhiteElo "1674"]
[BlackElo "1303"]
[PlyCount "61"]
[EventDate "2022.02.11"]
[EventType "swiss"]
[EventRounds "7"]
[EventCountry "PAR"]
[SourceTitle "EXT 2023"]
[Source "ChessBase"]
[SourceDate "2022.10.05"]
[SourceVersion "1"]
[SourceVersionDate "2022.10.05"]
[SourceQuality "1"]

1. d4 e6 2. c4 Bb4+ 3. Bd2 Bxd2+ 4. Nxd2 Nf6 5. e4 d6 6. Bd3 e5 7. d5 Bg4 8. f3 Bh5 9. g4 Bg6 10. h4 h5 11. g5 Nfd7 12. Ne2 Na6 13. a3 Nac5 14. Bc2 a5 15. b4 axb4 16. axb4 Rxa1 17. Qxa1 Na6 18. Qa5 0-0 19. Bd3 Qc8 20. Bc2 b6 21. Qb5 Nab8 22. Qa4 Qb7 23. 0-0 Qc8 24. Qb5 f6 25. gxf6 Nxf6 26. Kg2 Ng4 27. fxg4 Qxg4+ 28. Ng3 Rf4 29. Nf3 Nd7 30. c5 bxc5 31. Nh2 1-0